000 00620nam a2200241Ia 4500
003 OSt
005 20221007075342.0
006 a|||||r|||| 00| 0
007 ta
008 221006b |||||||| |||| 00| 0 eng d
024 _a39,419
037 _cTextual
040 _aFLL
_cFLL
_beng
041 _2eng
_aeng
082 _aZb4, P1
100 _aVerma S.K.
245 0 _aLegal research and methodology , Reprint 2010
250 _a2nd
260 _aNew Delhi
_bIndian Law Institute India
_c2001
300 _avi,747p
_ccm.
942 _hZb4, P1
_cTEXL
_2CC
999 _c1155759
_d1155759